Aura Alam Tumbuhan Hutan Paya Laut Tapak Ramsar Negeri Johor
| Format: | Book |
|---|---|
| Published: |
J.B. :
Perbadanan Taman Negara Johor ,
2011
|
| Subjects: |
MARC
| LEADER | 00000cam a2200000 7i4500 | ||
|---|---|---|---|
| 001 | 0000035489 | ||
| 005 | 20130513.0 | ||
| 008 | 130426 | ||
| 020 | |a 9834219741 | ||
| 090 | 0 | 0 | |a 634 |b AUR |
| 245 | 1 | 0 | |a Aura Alam Tumbuhan Hutan Paya Laut Tapak Ramsar Negeri Johor |c Abu Bakar b.Mohamed Salleh. |
| 260 | |a J.B. : |b Perbadanan Taman Negara Johor , |c 2011 | ||
| 650 | 0 | |a Johor. | |
| 650 | 0 | |a Johor |x forestry | |
| 999 | |a 0001442169 |b Book |c REFERENCE |e Cawangan Tmn. Ungku Tun Aminah | ||